[Event "57 Ogolnopolski Masowy Turniej Szachowy o "ZLOTA WIEZE" - Final Centralny 2015"]
[Site "Chotowa"]
[Date "1899-12-30"]
[Round "2.5"]
[White "Lewtak, Damian"]
[Black "Banasik, Krzysztof"]
[Result "1-0"]
[WhiteTitle "m"]
[BlackTitle "k"]
[WhiteElo "2325"]
[BlackElo "2232"]

1. e4 e6 2. d4 d5 3. Nc3 Bb4 4. exd5 exd5 5. Bd3 Nf6 6. Nge2 O-O 7. O-O Nc6 8.
Bg5 Be7 9. a3 h6 10. Bh4 Be6 11. f3 Qd7 12. Qd2 Bf5 13. Bxf5 Qxf5 14. g4 Qd7 15.
Bf2 Nh7 16. Ng3 Rae8 17. h3 Ng5 18. Kg2 f5 19. gxf5 Bd6 20. f4 Ne4 21. Ncxe4 dxe4
22. Rae1 Ne7 23. Nxe4 Nxf5 24. Nxd6 Nxd6 25. Rxe8 Qxe8 26. Re1 Qg6+ 27. Kh2 Qf5
28. Re5 Qxf4+ 29. Qxf4 Rxf4 30. Kg2 Kf7 31. b3 a6 32. c4 Rf5 33. Re2 b5 34. cxb5
Rxb5 35. Re3 Nf5 36. Rc3 Rb7 37. b4 Ne7 38. Rc5 Ke6 39. Ra5 c6 40. Rxa6 Kd5 41.
Ra5+ Kc4 42. Kf3 Kd3 43. Kf4 Nd5+ 44. Ke5 Rf7 45. Bg3 Rf3 46. b5 Nb6 47. bxc6
Nc4+ 48. Ke6 Nxa5 49. c7 Rf8 50. d5 Nc4 51. d6 Nxd6 52. Bxd6 Ra8 53. Kd7 g5 54.
Be7 1-0

[Event "57 Ogolnopolski Masowy Turniej Szachowy o "ZLOTA WIEZE" - Final Centralny 2015"]
[Site "Chotowa"]
[Date "1899-12-30"]
[Round "2.6"]
[White "Tustanowski, Robert"]
[Black "Lewicki, Miroslaw"]
[Result "1-0"]
[WhiteTitle "m"]
[BlackTitle "CM"]
[WhiteElo "2206"]
[BlackElo "2224"]

1. e4 c5 2. Nf3 d6 3. Bc4 Nf6 4. d3 e6 5. O-O Be7 6. Re1 O-O 7. Bb3 Nc6 8. Bf4
e5 9. Bg5 h6 10. Bxf6 Bxf6 11. Nc3 g6 12. Nd5 Bg7 13. a4 Kh7 14. c3 f5 15. h3
Be6 16. Bc4 Qd7 17. Ne3 Rf7 18. Qb3 Bxc4 19. dxc4 f4 20. Nd5 g5 21. Qd1 g4 22.
hxg4 Qxg4 23. Kf1 Kg8 24. a5 Re8 25. a6 b6 26. Qa4 Rc8 27. Ke2 Qg6 28. Qc2 Bf6
29. Rh1 Ne7 30. Qd3 Nxd5 31. Qxd5 Be7 32. Rh3 Kg7 33. Rah1 Rh8 34. Rh5 Rf6 35.
b4 cxb4 36. cxb4 Qe8 37. b5 Rg6 38. R1h2 Qc8 39. Rf5 Rf8 40. Rxf8 Qxf8 41. Kd3
Qf7 42. Qxf7+ Kxf7 43. Nd2 Ke6 44. Nb1 Bg5 45. Nc3 Rg8 46. Nd5 Rc8 47. Rh1 Rg8
48. Nb4 Rg7 49. Ke2 Rh7 50. Nc6 Rf7 51. Kf3 Rg7 52. Rd1 h5 53. Rh1 h4 54. Ra1
Bf6 55. Nb4 Rc7 56. Nc6 Rg7 57. Rd1 Rh7 58. Rh1 Rg7 59. Rh3 Rf7 60. g3 fxg3 61.
fxg3 Bg7+ 62. Ke2 Bf6 63. gxh4 Rh7 64. h5 Bg5 65. h6 Kf6 66. Nxa7 Kg6 67. Nc8
1-0

[Event "57 Ogolnopolski Masowy Turniej Szachowy o "ZLOTA WIEZE" - Final Centralny 2015"]
[Site "Chotowa"]
[Date "1899-12-30"]
[Round "2.7"]
[White "Lewtak, Dominik"]
[Black "Tustanowski, Mateusz"]
[Result "1-0"]
[WhiteTitle "k"]
[BlackTitle "I"]
[WhiteElo "2153"]
[BlackElo "1873"]

1. e4 e5 2. Nf3 Nc6 3. Bb5 a6 4. Ba4 Nf6 5. O-O Bc5 6. Re1 O-O 7. c3 d6 8. d4 Ba7
9. Bg5 h6 10. Bh4 b5 11. Bc2 Bg4 12. d5 g5 13. Bxg5 hxg5 14. dxc6 Nh5 15. h3 Bxh3
16. gxh3 Nf4 17. Kh2 f6 18. Ng1 Bxf2 19. Ne2 Bxe1 20. Nxf4 exf4 21. Qxe1 Kg7 22.
Qd1 Qe8 23. Nd2 Rh8 24. Qg4 Rh4 25. Qf5 Qh5 26. Bd1 Qf7 27. Nf3 Rh6 28. Bb3 Qh5
29. Kg2 g4 30. Qxh5 Rxh5 31. hxg4 Rc5 32. Nd4 Kg6 33. Bd5 Kg5 34. Kf3 Re8 35.
Rh1 1-0

[Event "57 Ogolnopolski Masowy Turniej Szachowy o "ZLOTA WIEZE" - Final Centralny 2015"]
[Site "Chotowa"]
[Date "1899-12-30"]
[Round "2.8"]
[White "Buksa, Ewelina"]
[Black "Swiech, Joanna"]
[Result "1-0"]
[WhiteTitle "I"]
[BlackTitle "I++"]
[WhiteElo "1614"]
[BlackElo "1811"]

1. e4 c6 2. d4 d5 3. exd5 cxd5 4. Bd3 Nf6 5. h3 Nc6 6. c3 e6 7. Nf3 Bd6 8. O-O
O-O 9. Bg5 h6 10. Bh4 Bf4 11. Nbd2 g5 12. Bg3 Bxg3 13. fxg3 Nh5 14. Qe1 f5 15.
Ne5 Nxe5 16. Qxe5 Nf6 17. Rae1 Ne4 18. Nxe4 dxe4 19. Bc4 Qf6 20. Qxf6 Rxf6 21.
Rxe4 Kg7 22. Re5 Bd7 23. Rfe1 Re8 24. d5 Kf7 25. a3 a6 26. dxe6+ Bxe6 27. Kf2
b5 28. Bd5 Re7 29. c4 bxc4 30. Bxc4 Bxc4 31. Rxe7+ Kg6 32. Rc7 Bb3 33. Ree7 Rd6
34. Red7 Re6 35. Rg7+ Kh5 36. Rcd7 Bc4 37. Rge7 Rb6 38. b4 Bb3 39. Re5 Kg6 40.
Re3 Ba4 41. Rde7 Kf6 42. h4 Rc6 43. R7e5 Rc2+ 44. Re2 Rc6 45. R5e3 Bb5 46. Rd2
Kg6 47. Re7 Kh5 48. hxg5 hxg5 49. Re5 Kg4 50. Rc5 Re6 51. Rc8 Re4 52. Rcd8 Re6
53. Rh8 Bc6 54. Rhd8 Bb5 55. R8d6 Re7 56. a4 Bxa4 57. Rxa6 Bb5 58. Rb6 Re5 59.
Rbd6 Re7 60. R6d4+ Kh5 61. Rd5 Bc4 62. Rxf5 Rb7 63. Rb2 Kg4 64. Rf8 Bb5 65. Rd2
Re7 66. Rd4+ Kh5 67. g4+ Kh6 68. Rf6+ Kg7 69. Rf5 Ba6 70. Rxg5+ Kh7 71. Rgd5 Re2+
72. Kg3 Bc8 73. Rc5 Be6 74. Rc7+ Kg6 75. b5 Re3+ 76. Kf4 Re2 77. b6 Rb2 78. Rc6
Kf7 79. g3 Rf2+ 80. Kg5 Rb2 81. Rc7+ Ke8 82. b7 1-0

[Event "57 Ogolnopolski Masowy Turniej Szachowy o "ZLOTA WIEZE" - Final Centralny 2015"]
[Site "Chotowa"]
[Date "1899-12-30"]
[Round "2.9"]
[White "Zochowski, Kacper"]
[Black "Jagodzinski, Piotr"]
[Result "1-0"]
[WhiteTitle "k"]
[BlackTitle "k++"]
[WhiteElo "2141"]
[BlackElo "2273"]

1. e4 c6 2. d4 d5 3. e5 Bf5 4. h4 a6 5. c4 h5 6. c5 b6 7. cxb6 Qxb6 8. Nc3 e6 9.
Nf3 Nd7 10. Be2 c5 11. Na4 Qc6 12. dxc5 Nxc5 13. Nxc5 Bxc5 14. O-O Qb6 15. Qa4+
Kf8 16. Bd2 d4 17. Rac1 d3 18. Rxc5 dxe2 19. Rfc1 Ne7 20. Rc7 Bg4 21. Qa3 1-0

[Event "57 Ogolnopolski Masowy Turniej Szachowy o "ZLOTA WIEZE" - Final Centralny 2015"]
[Site "Chotowa"]
[Date "1899-12-30"]
[Round "2.10"]
[White "Dobrowolski, Aleksander"]
[Black "Borawski, Jakub"]
[Result "0-1"]
[WhiteTitle "m"]
[BlackTitle "I++"]
[WhiteElo "2274"]
[BlackElo "2020"]

1. e4 e5 2. Nf3 Nc6 3. Bb5 a6 4. Ba4 Nf6 5. O-O Be7 6. Re1 b5 7. Bb3 d6 8. c3 O-O
9. a4 b4 10. a5 Rb8 11. h3 h6 12. d4 bxc3 13. bxc3 exd4 14. cxd4 d5 15. exd5 Nxd5
16. Ne5 Nxe5 17. dxe5 Be6 18. Bc4 Bb4 19. Bd2 Ne3 20. Rxe3 Bxc4 21. Qc1 Qd4 22.
Bc3 Bxc3 23. Nxc3 c5 24. Re4 Qd3 25. Rg4 Be6 26. Rg3 Qd4 27. Ra4 Rb4 28. Qxh6
Qxe5 29. Rxb4 cxb4 30. Ne4 f5 31. Nc5 Bc4 32. Qg5 Qa1+ 33. Kh2 f4 34. Rg4 Qf6
35. Qh5 Bf7 36. Qg5 Qxg5 37. Rxg5 Bc4 38. Rg6 Rf5 39. Nxa6 b3 40. Rb6 Rb5 41.
Nc7 Rxb6 42. axb6 b2 0-1

[Event "57 Ogolnopolski Masowy Turniej Szachowy o "ZLOTA WIEZE" - Final Centralny 2015"]
[Site "Chotowa"]
[Date "1899-12-30"]
[Round "2.11"]
[White "Pytel, Maciej"]
[Black "Nun, Grzegorz"]
[Result "0-1"]
[WhiteTitle "I"]
[BlackTitle "I"]
[WhiteElo "1723"]
[BlackElo "1887"]

1. e4 c5 2. Nf3 d6 3. d4 cxd4 4. Nxd4 Nf6 5. Nc3 a6 6. Bg5 e6 7. f4 Be7 8. Qf3
Qc7 9. O-O-O O-O 10. g4 b5 11. Bxf6 Bxf6 12. g5 Bxd4 13. Rxd4 Nc6 14. Rd2 Bb7
15. Qh5 b4 16. Nd1 Na5 17. Bd3 b3 18. a3 Nc4 19. Rg2 Rac8 20. c3 d5 21. e5 g6
22. Qh6 d4 23. Rg3 dxc3 24. Nxc3 Nxb2 25. Bb1 Na4 26. Rh3 Qxc3+ 27. Rxc3 Rxc3+
28. Kd2 Rd8+ 29. Ke1 Bxh1 30. f5 exf5 31. Qh4 Rc1+ 32. Kf2 Nc5 33. Bxf5 gxf5 34.
g6 Rd2+ 35. Ke3 Rd3+ 36. Kf2 Rf3+ 37. Ke2 Rc2+ 0-1

[Event "57 Ogolnopolski Masowy Turniej Szachowy o "ZLOTA WIEZE" - Final Centralny 2015"]
[Site "Chotowa"]
[Date "1899-12-30"]
[Round "2.12"]
[White "Ogonowska, Katarzyna"]
[Black "Rudnik, Anna"]
[Result "0-1"]
[WhiteTitle "I++"]
[BlackTitle "I++"]
[WhiteElo "1891"]
[BlackElo "1782"]

1. e4 e5 2. Nf3 Nc6 3. Bc4 Bc5 4. O-O Nf6 5. d4 Bxd4 6. Nxd4 Nxd4 7. f4 d6 8. fxe5
dxe5 9. Bg5 Qe7 10. c3 Nc6 11. Bxf6 gxf6 12. Na3 h5 13. Qf3 Rh6 14. Rf2 Bd7 15.
Nc2 O-O-O 16. Ne3 Be6 17. Bd5 Nb8 18. Qe2 c6 19. Bb3 Nd7 20. Nf5 Bxf5 21. Rxf5
Rdh8 22. Raf1 Kb8 23. Kh1 h4 24. h3 Nc5 25. Qf3 Nd7 26. Bc4 Qf8 27. Rd1 Kc7 28.
b4 Rg8 29. Qd3 Qe7 30. Rdf1 Rhg6 31. R1f2 Rd8 32. Qe3 b6 33. Rh5 Rg3 34. Qe1 Nf8
35. Rff5 Ng6 36. Rh7 Rf8 37. Rf3 Rxf3 38. gxf3 Qd7 39. Kh2 Kd8 40. a4 Ke8 41.
b5 c5 42. Bd5 Kd8 43. c4 f5 44. Bc6 Qd3 45. exf5 Qxf5 46. Qd1+ Ke7 47. Be4 Qf4+
48. Kh1 Qg3 49. Bxg6 Qxh3+ 50. Kg1 Qg3+ 51. Kh1 Qxg6 52. Rxh4 Rd8 53. Qe2 Qg5
54. Rg4 Qc1+ 55. Rg1 Rh8+ 0-1

[Event "57 Ogolnopolski Masowy Turniej Szachowy o "ZLOTA WIEZE" - Final Centralny 2015"]
[Site "Chotowa"]
[Date "1899-12-30"]
[Round "2.13"]
[White "Chojnacki, Krzysztof"]
[Black "Krzywda, Andrzej"]
[Result "1-0"]
[WhiteTitle "IM"]
[BlackTitle "k"]
[WhiteElo "2412"]
[BlackElo "2115"]

1. d4 d5 2. c4 Nc6 3. Nc3 e5 4. cxd5 Nxd4 5. e3 Nf5 6. e4 Nd4 7. f4 Bb4 8. Be3
c5 9. a3 Ba5 10. Nf3 Nf6 11. fxe5 Nxe4 12. Bxd4 cxd4 13. Bb5+ Bd7 14. Bxd7+ Qxd7
15. Qxd4 Nxc3 16. bxc3 Rc8 17. Rc1 O-O 18. Ke2 Bb6 19. Qe4 Qb5+ 20. c4 Qc5 21.
Rhf1 Qxa3 22. Ng5 g6 23. Rc2 Rce8 24. e6 fxe6 25. Rxf8+ Qxf8 26. Nxe6 Qf2+ 27.
Kd3 Qf1+ 28. Qe2 Qf5+ 29. Kc3 Bc5 30. Qf3 Qe5+ 31. Kb3 Bf8 32. Rf2 Qd6 33. Qf7+
Kh8 34. Qxf8+ Rxf8 35. Rxf8+ 1-0

[Event "57 Ogolnopolski Masowy Turniej Szachowy o "ZLOTA WIEZE" - Final Centralny 2015"]
[Site "Chotowa"]
[Date "1899-12-30"]
[Round "2.14"]
[White "Szajda, Marcin"]
[Black "Bardeli, Lukasz"]
[Result "1-0"]
[WhiteTitle "I++"]
[BlackTitle "FM"]
[WhiteElo "2086"]
[BlackElo "2215"]

1. e4 c5 2. Nf3 g6 3. d4 cxd4 4. Nxd4 Bg7 5. Nc3 Nc6 6. Nb3 Nf6 7. Be2 d6 8. O-O
O-O 9. Kh1 Be6 10. Bg5 a5 11. a4 Rc8 12. f4 Nb4 13. Bf3 Bc4 14. Re1 e5 15. f5
b6 16. Rc1 Qc7 17. Nb5 Bxb5 18. axb5 a4 19. Na1 a3 20. Rb1 Na2 21. Qd3 axb2 22.
Rxb2 Nc3 23. Rb3 gxf5 24. Bxf6 Bxf6 25. exf5 Qc5 26. Bc6 e4 27. Bxe4 Qf2 28. Rg1
Rfe8 29. Bc6 Ne2 30. Rd1 Re5 31. Qf3 Rxf5 32. Qg4+ Bg5 33. Bf3 Rcc5 34. Bxe2 Rf4
35. Rf3 Rxg4 36. Rxf2 Ra4 37. Bd3 Kg7 38. Nb3 Re5 39. Rf5 Bf6 40. Rxe5 dxe5 41.
Re1 1-0

[Event "57 Ogolnopolski Masowy Turniej Szachowy o "ZLOTA WIEZE" - Final Centralny 2015"]
[Site "Chotowa"]
[Date "1899-12-30"]
[Round "2.15"]
[White "Kaminski, Piotr"]
[Black "Raclawicki, Kacper"]
[Result "1-0"]
[WhiteTitle "I"]
[BlackTitle "I"]
[WhiteElo "1840"]
[BlackElo "1634"]

1. e4 c6 2. d4 d5 3. Nd2 dxe4 4. Nxe4 Bf5 5. Ng3 Bg6 6. h4 h6 7. h5 Bh7 8. Nf3
Nd7 9. Bd3 Bxd3 10. Qxd3 Qc7 11. Bd2 e6 12. O-O-O Ngf6 13. Qe2 O-O-O 14. Ne5 Nxe5
15. dxe5 Nd5 16. f4 Qb6 17. Ne4 Be7 18. Rh3 Rd7 19. Rf1 Rhd8 20. Rb3 Qd4 21. c4
Nb6 22. Ba5 Rf8 23. Bxb6 axb6 24. Rd1 Qxd1+ 25. Qxd1 Rxd1+ 26. Kxd1 Rd8+ 27. Ke2
Rd4 28. Ke3 Rxc4 29. Rxb6 Rc2 30. g4 Rh2 31. Rb3 Kc7 32. Kd4 Rg2 33. g5 hxg5 34.
fxg5 Rg4 35. Rf3 c5+ 36. Kd3 Kc6 37. Rxf7 c4+ 38. Ke3 Bxg5+ 39. Kf3 Rg1 40. Rxg7
Be3 41. h6 Bd4 42. Rxg1 1-0

[Event "57 Ogolnopolski Masowy Turniej Szachowy o "ZLOTA WIEZE" - Final Centralny 2015"]
[Site "Chotowa"]
[Date "1899-12-30"]
[Round "2.16"]
[White "Krzywda, Malgorzata"]
[Black "Szelag, Zuzanna"]
[Result "0-1"]
[WhiteTitle "I++"]
[BlackTitle "I"]
[WhiteElo "1900"]
[BlackElo "1585"]

1. d4 d5 2. Nf3 Nf6 3. e3 c5 4. c4 Bf5 5. Bd3 Bg6 6. Qb3 Bxd3 7. Qxd3 Nc6 8. a3
cxd4 9. exd4 dxc4 10. Qxc4 e6 11. Nc3 Be7 12. O-O O-O 13. Rd1 Rc8 14. Qe2 Nd5
15. Nxd5 Qxd5 16. b4 Bf6 17. Bb2 Ne7 18. Rac1 b6 19. Ne5 Nf5 20. Rxc8 Rxc8 21.
Qf3 Qxf3 22. Nxf3 Rc2 23. Rd2 Rxd2 24. Nxd2 Nxd4 25. Bxd4 Bxd4 26. Nc4 b5 27.
Nd6 a6 28. Ne4 f5 29. Ng5 e5 30. Ne6 Bb6 31. Kf1 h6 32. Ke2 Kf7 33. Nc5 Bxc5 34.
bxc5 Ke6 35. Kd3 Kd5 36. c6 Kxc6 37. Kc3 Kc5 38. Kb3 a5 39. Kc3 b4+ 40. axb4+
axb4+ 41. Kd3 e4+ 42. Kd2 Kc4 43. Kc2 f4 44. Kd2 Kb3 45. Kc1 Ka2 0-1

[Event "57 Ogolnopolski Masowy Turniej Szachowy o "ZLOTA WIEZE" - Final Centralny 2015"]
[Site "Chotowa"]
[Date "1899-12-30"]
[Round "2.17"]
[White "Karwowski, Kacper"]
[Black "Probola, Ryszard"]
[Result "1-0"]
[WhiteTitle "I++"]
[BlackTitle "k"]
[WhiteElo "2003"]
[BlackElo "2162"]

1. e4 e5 2. Nf3 Nc6 3. Bb5 a6 4. Ba4 d6 5. c3 f5 6. exf5 Bxf5 7. O-O Bd3 8. Re1
Be7 9. Qb3 b5 10. Qd5 Qd7 11. Qxd3 bxa4 12. Qc2 Nf6 13. d3 O-O 14. Qxa4 Nh5 15.
d4 e4 16. Rxe4 d5 17. Rxe7 Qxe7 18. Qxc6 Rad8 19. Bg5 Qe2 20. Nbd2 Rd6 21. Qxc7
Rg6 22. Re1 Qd3 23. Qe5 h6 24. Qxd5+ Kh7 25. Be3 Rf5 26. Ne5 Rb6 27. Nxd3 Rxd5
28. Nc4 Rb8 29. Nb4 Rd7 30. Nxa6 Re8 31. Nc5 Rde7 32. Nd6 Rd8 33. Nc4 g5 34. Ne5
Ra8 35. a4 Nf6 36. c4 Ne8 37. b4 Nd6 38. g4 Rf8 39. a5 Rg8 40. a6 h5 41. Ncd7
Re6 42. d5 Rh6 43. h4 Ne4 44. hxg5 Rxa6 45. g6+ Kg7 46. Bd4 Ng5 47. gxh5 Kh6 48.
Ng4+ Kxh5 49. Ndf6+ Kh4 50. Kg2 Nh3 51. Rh1 Rxf6 52. Rxh3+ Kxg4 53. Bxf6 Kf5 54.
Rf3+ Ke4 55. g7 Rxg7+ 56. Rg3 Rf7 57. Re3+ Kf4 58. b5 Rxf6 59. Rf3+ 1-0

[Event "57 Ogolnopolski Masowy Turniej Szachowy o "ZLOTA WIEZE" - Final Centralny 2015"]
[Site "Chotowa"]
[Date "1899-12-30"]
[Round "2.18"]
[White "Gorzkiewicz, Lukasz"]
[Black "Kowalski, Maciej"]
[Result "1-0"]
[WhiteTitle "k"]
[BlackTitle "k"]
[WhiteElo "2140"]
[BlackElo "2107"]

1. e4 c5 2. Nf3 Nc6 3. Bb5 e6 4. O-O Nge7 5. Re1 a6 6. Bxc6 Nxc6 7. d4 cxd4 8.
Nxd4 Qc7 9. Nxc6 Qxc6 10. Nc3 Bb4 11. Bd2 O-O 12. Qg4 f6 13. Nd5 Bc5 14. Bh6 Rf7
15. Nxf6+ Kh8 16. e5 b5 17. Qh5 Bb7 18. Re4 Rxf6 19. Bxg7+ Kxg7 20. exf6+ Kxf6
21. Qh4+ Kf7 22. Rg4 Rh8 23. Rd1 Ke8 24. Rg7 Rf8 25. Qh5+ Kd8 26. Rdxd7+ Qxd7
27. Rxd7+ Kxd7 28. Qxc5 Rc8 29. Qd4+ Bd5 30. c3 Rc7 31. f3 Kd6 32. Qf4+ Kc6 33.
Kf2 Bxa2 34. h4 Rd7 35. h5 a5 36. h6 a4 37. g4 Bd5 38. g5 Kc5 39. Qd4+ Kc6 40.
Qf6 Kc5 41. g6 hxg6 42. Qxg6 Rd8 43. Qg7 1-0

[Event "57 Ogolnopolski Masowy Turniej Szachowy o "ZLOTA WIEZE" - Final Centralny 2015"]
[Site "Chotowa"]
[Date "1899-12-30"]
[Round "2.20"]
[White "Gorzkiewicz, Marta"]
[Black "Antolak, Julia"]
[Result "0-1"]
[WhiteTitle "I"]
[BlackTitle "k+"]
[WhiteElo "1783"]
[BlackElo "1987"]

1. e4 e5 2. Nf3 Nc6 3. Bc4 Bc5 4. Nc3 Nf6 5. d3 d6 6. Bg5 h6 7. Bh4 Be6 8. Bxe6
fxe6 9. Na4 Bb6 10. Nxb6 axb6 11. c3 Qe7 12. Bg3 g5 13. h3 O-O-O 14. Qc2 Nh5 15.
O-O-O Qg7 16. Nh2 d5 17. exd5 exd5 18. Qe2 Nf4 19. Qg4+ Qd7 20. Qxd7+ Rxd7 21.
Bxf4 gxf4 22. g4 Re7 23. f3 e4 24. dxe4 dxe4 25. fxe4 Rxe4 26. Rhe1 Rhe8 27. Rxe4
Rxe4 28. Kd2 Re3 29. Rg1 Rxh3 30. Nf1 Ne5 31. Ke2 Nf3 32. Rg2 Ng5 33. Rh2 Rxh2+
34. Nxh2 Kd7 35. Nf3 Kd6 36. Nd4 Ke5 37. Kd3 c5 38. Nb3 c4+ 39. Kxc4 f3 40. Nd2
Kf4 41. Kb5 f2 42. Kxb6 Ke3 43. Nf1+ Ke2 44. Ng3+ Ke1 45. Kxb7 Ne4 46. Nxe4 f1=Q
47. Kb6 Qe2 48. Nc5 Qxb2+ 49. Kc6 Qxa2 50. Kb5 Qe2+ 51. c4 Qxg4 52. Nd3+ Kd2 53.
Nb4 h5 54. c5 h4 0-1

[Event "57 Ogolnopolski Masowy Turniej Szachowy o "ZLOTA WIEZE" - Final Centralny 2015"]
[Site "Chotowa"]
[Date "1899-12-30"]
[Round "3.1"]
[White "Luba, Lukasz"]
[Black "Chojnacki, Krzysztof"]
[Result "1/2-1/2"]
[WhiteTitle "I"]
[BlackTitle "IM"]
[WhiteElo "2130"]
[BlackElo "2412"]

1. d4 d6 2. c4 f5 3. Nc3 Nf6 4. Bg5 g6 5. Bxf6 exf6 6. g3 Bg7 7. Bg2 O-O 8. h4
h5 9. e3 c6 10. Nge2 Be6 11. d5 Bf7 12. Nd4 Qc7 13. O-O Kh7 14. b3 a6 15. Qc2
Re8 16. Rad1 c5 17. Ne6 Bxe6 18. dxe6 Rxe6 19. Nd5 Qd8 20. Nf4 Re7 21. Nxh5 gxh5
22. Qxf5+ Kg8 23. Bd5+ Kf8 24. Qh7 Ke8 25. Qxh5+ Kf8 26. Qh7 Ke8 27. Qg6+ Kd7
28. Bxb7 Ra7 29. Rxd6+ Kxd6 30. Rd1+ Kc7 31. Rxd8 Kxd8 32. Bd5 Nd7 33. f4 Nf8
34. Qd3 Rad7 35. e4 Ne6 36. Qc3 Rd6 37. Qa5+ Rc7 38. f5 Nd4 39. Kf2 Bh6 40. Qe1
Nc6 1/2-1/2

[Event "57 Ogolnopolski Masowy Turniej Szachowy o "ZLOTA WIEZE" - Final Centralny 2015"]
[Site "Chotowa"]
[Date "1899-12-30"]
[Round "3.2"]
[White "Bardeli, Lukasz"]
[Black "Szydelko, Kazimierz"]
[Result "1-0"]
[WhiteTitle "FM"]
[BlackTitle "I"]
[WhiteElo "2215"]
[BlackElo "1686"]

1. Nf3 Nf6 2. c4 g6 3. Nc3 Bg7 4. g3 O-O 5. Bg2 d6 6. d4 Nc6 7. O-O Bf5 8. d5 Ne5
9. Nxe5 dxe5 10. e4 Bd7 11. c5 a5 12. Bd2 c6 13. Rc1 b5 14. cxb6 cxd5 15. exd5
Qxb6 16. b3 Rfc8 17. Qe2 Ne8 18. Qe3 Qa6 19. Ne4 f5 20. Nc5 Qd6 21. Nxd7 Qxd7
22. Rxc8 Qxc8 23. Rc1 Qd7 24. d6 Ra6 25. dxe7 Qxe7 26. Qc5 Bf8 1-0

[Event "57 Ogolnopolski Masowy Turniej Szachowy o "ZLOTA WIEZE" - Final Centralny 2015"]
[Site "Chotowa"]
[Date "1899-12-30"]
[Round "3.3"]
[White "Majocha, Piotr"]
[Black "Kaminski, Piotr"]
[Result "1-0"]
[WhiteTitle "II+"]
[BlackTitle "I"]
[WhiteElo "1613"]
[BlackElo "1840"]

1. e4 c5 2. Nf3 g6 3. d4 cxd4 4. Nxd4 Nc6 5. Nc3 Bg7 6. Be3 Nf6 7. Be2 O-O 8. O-O
d6 9. Qd2 Bd7 10. Nb3 Be6 11. Nd4 Bg4 12. Nxc6 bxc6 13. Bc4 Qa5 14. h3 Bc8 15.
Bb3 Ba6 16. Rfe1 Rfe8 17. Rad1 Nd7 18. Bd4 Nc5 19. Bxg7 Kxg7 20. Qf4 Nxb3 21.
axb3 e5 22. Qe3 Qc7 23. Na2 Bc8 24. Nb4 Be6 25. Ra1 a5 26. Nd3 f5 27. exf5 Bxf5
28. Qd2 e4 29. Nf4 d5 30. Ne2 Qe5 31. Nd4 Bd7 32. Qc3 Kg8 33. Qc5 Qe7 34. Qxe7
Rxe7 35. b4 Ree8 36. Rxa5 Rab8 37. c3 Kf8 38. Ra7 Red8 39. Rea1 Ke8 40. Rc7 Rbc8
41. Raa7 Rxc7 42. Rxc7 Rc8 43. Rxc8+ Bxc8 44. Nxc6 Ba6 45. Nd4 Bd3 46. Kh2 Kd7
47. Kg3 Kd6 48. Kg4 h6 49. h4 Ke5 50. b5 Kf6 51. b6 Ba6 52. Nc6 Ke6 53. b7 Bxb7
54. Nd8+ Ke5 55. Nxb7 Kf6 56. b4 h5+ 57. Kf4 1-0

[Event "57 Ogolnopolski Masowy Turniej Szachowy o "ZLOTA WIEZE" - Final Centralny 2015"]
[Site "Chotowa"]
[Date "1899-12-30"]
[Round "3.4"]
[White "Szelag, Zuzanna"]
[Black "Korosciel, Aneta"]
[Result "0-1"]
[WhiteTitle "I"]
[BlackTitle "m"]
[WhiteElo "1585"]
[BlackElo "2014"]

1. e4 e5 2. Nf3 Nf6 3. d4 Nxe4 4. dxe5 d5 5. Nbd2 Nxd2 6. Qxd2 Be7 7. Qf4 Nd7 8.
Qg3 g6 9. e6 fxe6 10. Bd3 Bf6 11. h4 Nc5 12. Bg5 Nxd3+ 13. cxd3 c5 14. O-O-O Bd7
15. h5 Rg8 16. Qf4 Rf8 17. Qe3 Qe7 18. hxg6 hxg6 19. Bh6 Rh8 20. Ne5 Rg8 21. Ng4
Bd4 22. Qf3 O-O-O 23. Rde1 Bb5 24. Qf4 Qd6 25. Qxd6 Rxd6 26. Rh3 Re8 27. Bf4 Ra6
28. Kb1 Rf8 29. Be5 Bxe5 30. Rxe5 Rf4 31. Rg5 e5 32. Nxe5 Rxf2 33. Nxg6 Rf1+ 34.
Kc2 Rf2+ 35. Kb1 Rf1+ 36. Kc2 Rxa2 37. Rxd5 Ba4+ 38. Kc3 Rc1+ 39. Kd2 Rc2+ 40.
Ke3 Raxb2 41. Rh8+ Kc7 42. Rh7+ Kb6 43. Nh4 Re2+ 44. Kf4 Bc6 45. Rd6 Rf2+ 46.
Kg3 a5 47. Kh3 a4 48. Rh8 a3 49. Ra8 a2 50. Ra3 0-1

[Event "57 Ogolnopolski Masowy Turniej Szachowy o "ZLOTA WIEZE" - Final Centralny 2015"]
[Site "Chotowa"]
[Date "1899-12-30"]
[Round "3.5"]
[White "Walter, Szymon"]
[Black "Karwowski, Kacper"]
[Result "1-0"]
[WhiteTitle "I++"]
[BlackTitle "I++"]
[WhiteElo "2177"]
[BlackElo "2003"]

1. e4 c5 2. Nf3 e6 3. d4 cxd4 4. Nxd4 a6 5. Nc3 Qc7 6. f4 Bb4 7. Qf3 Nf6 8. Bd2
Nc6 9. Nxc6 Qxc6 10. Bd3 b5 11. O-O-O Bb7 12. Rhe1 O-O-O 13. Kb1 Qc5 14. Qg3 Rhg8
15. a3 Bxc3 16. Bxc3 d5 17. Bb4 Qb6 18. e5 Ne4 19. Bxe4 dxe4 20. Rd6 Rxd6 21.
exd6 a5 22. Qc3+ Kb8 23. Bc5 Qd8 24. Qd4 Bc6 25. c4 Qd7 26. cxb5 Bxb5 27. Rxe4
Rc8 28. Re3 a4 29. Rc3 Ka8 30. Qb4 Ba6 31. Qd4 Qb7 32. Qxa4 Rb8 33. Rb3 Qxb3 34.
Qxa6# 1-0

[Event "57 Ogolnopolski Masowy Turniej Szachowy o "ZLOTA WIEZE" - Final Centralny 2015"]
[Site "Chotowa"]
[Date "1899-12-30"]
[Round "3.6"]
[White "Kowalski, Maciej"]
[Black "Kastelik, Adrian"]
[Result "1-0"]
[WhiteTitle "k"]
[BlackTitle "I++"]
[WhiteElo "2107"]
[BlackElo "2116"]

1. d4 d5 2. c4 c6 3. cxd5 cxd5 4. Nc3 e5 5. e3 e4 6. f3 Nf6 7. fxe4 dxe4 8. Bc4
Nc6 9. Qb3 Na5 10. Bb5+ Bd7 11. Qa4 Nc6 12. d5 Nb4 13. Nh3 a6 14. Bxd7+ Qxd7 15.
Qxd7+ Kxd7 16. O-O Bc5 17. Ng5 Rae8 18. Rb1 h6 19. Nh3 Nc2 20. Kf2 Re5 21. Ke2
Rc8 22. Bd2 Nb4 23. Nf4 Ke7 24. Rbc1 Kd6 25. a3 Nd3 26. Nxd3 exd3+ 27. Kxd3 Rce8
28. e4 Nxe4 29. Bf4 Nxc3 30. Kxc3 f6 31. Rcd1 Be3 32. Bxe5+ Rxe5 33. g3 f5 34.
Rfe1 g5 35. Kd3 f4 36. gxf4 gxf4 37. Ke2 Bd4+ 38. Kf3 Be3 39. Re2 Rg5 40. Rg2
Rxd5 41. Rg6+ Kc5 42. Rxd5+ Kxd5 43. Rxh6 Kc4 44. Re6 Kb3 45. Rxe3+ fxe3 46. h4
Kxb2 47. h5 Kc3 48. Kxe3 1-0

[Event "57 Ogolnopolski Masowy Turniej Szachowy o "ZLOTA WIEZE" - Final Centralny 2015"]
[Site "Chotowa"]
[Date "1899-12-30"]
[Round "3.7"]
[White "Beczala, Pawel"]
[Black "Wacior, Maciej"]
[Result "1/2-1/2"]
[WhiteTitle "II+"]
[BlackTitle "I+"]
[WhiteElo "1717"]
[BlackElo "1921"]

1. e4 e5 2. d4 d6 3. dxe5 dxe5 4. Qxd8+ Kxd8 5. Be3 c6 6. Bc4 f6 7. Nc3 Nd7 8.
O-O-O Kc7 9. f4 Bb4 10. Nge2 Ne7 11. f5 b5 12. Bb3 a5 13. a4 Bxc3 14. Nxc3 b4
15. Nb1 Ba6 16. Nd2 Rhd8 17. Bc4 Bxc4 18. Nxc4 Nc8 19. b3 Ncb6 20. Bxb6+ Nxb6
21. Rxd8 Rxd8 22. Rd1 Rxd1+ 23. Kxd1 Nxc4 24. bxc4 Kd6 25. Kd2 Kc5 26. Kd3 Kd6
27. Ke3 Kc5 28. Kd3 Kd6 1/2-1/2

[Event "57 Ogolnopolski Masowy Turniej Szachowy o "ZLOTA WIEZE" - Final Centralny 2015"]
[Site "Chotowa"]
[Date "1899-12-30"]
[Round "3.8"]
[White "Antolak, Julia"]
[Black "Binkowska, Agata"]
[Result "1/2-1/2"]
[WhiteTitle "k+"]
[BlackTitle "I+"]
[WhiteElo "1987"]
[BlackElo "1788"]

1. e4 e6 2. d4 c5 3. Nf3 cxd4 4. Nxd4 a6 5. Bd3 Qc7 6. O-O b5 7. a4 bxa4 8. Rxa4
Bb7 9. Nc3 Ne7 10. Be3 Nec6 11. Nce2 Be7 12. c3 O-O 13. f4 Nxd4 14. cxd4 Bc6 15.
Ra1 Qb7 16. Qc2 Bb5 17. Bxb5 axb5 18. Rxa8 Qxa8 19. Ng3 Nc6 20. f5 Qb7 21. e5
Nb4 22. Qf2 Nd5 23. f6 gxf6 24. exf6 Nxf6 25. Bg5 Nd5 26. Bxe7 Nxe7 27. Qf6 Nd5
28. Qg5+ Kh8 29. Qh6 Qa8 30. Ne4 Rg8 31. Ng5 Rg7 32. Nxf7+ Kg8 33. Qh5 Rxg2+ 34.
Kh1 Rg6 35. Ne5 Nb6+ 36. Qf3 Qxf3+ 37. Rxf3 Rg5 38. Rb3 1/2-1/2

[Event "57 Ogolnopolski Masowy Turniej Szachowy o "ZLOTA WIEZE" - Final Centralny 2015"]
[Site "Chotowa"]
[Date "1899-12-30"]
[Round "3.9"]
[White "Banasik, Krzysztof"]
[Black "Zochowski, Kacper"]
[Result "1-0"]
[WhiteTitle "k"]
[BlackTitle "k"]
[WhiteElo "2232"]
[BlackElo "2141"]

1. Nf3 Nf6 2. g3 d5 3. Bg2 g6 4. c4 c6 5. O-O Bg7 6. d4 O-O 7. cxd5 cxd5 8. Nc3
Nc6 9. Ne5 Be6 10. Nxc6 bxc6 11. Na4 Qc8 12. Re1 Bh3 13. Bh1 Re8 14. Bf4 Nh5 15.
Be3 e5 16. Rc1 Qa6 17. dxe5 Bxe5 18. Nc5 Qxa2 19. Nd3 Bg7 20. Rxc6 Rad8 21. Rc1
d4 22. Bg5 f6 23. Bd2 Bf5 24. Ra1 Qf7 25. Qa4 Be4 26. Bxe4 Rxe4 27. Qxa7 Re7 28.
Qa2 Qxa2 29. Rxa2 f5 30. Kf1 Rde8 31. b4 Rb7 32. Rea1 Nf6 33. Ra8 Rbb8 34. Rxb8
Rxb8 35. Bf4 Rb7 36. Ra8+ Kf7 37. Ne5+ Ke6 38. Nd3 Kf7 39. Nc5 Rxb4 40. Ra7+ Kg8
41. Ne6 Nh5 42. Ra8+ Kf7 43. Nd8+ 1-0